000 00448 a2200169 4500
020 _a9788175544611
022 _a9788175544611
082 _a658.3
090 _c6323
_d6323
100 _aArmstrong,Michael.
245 _aStrategic Human Resource Management.
_bA Guide to Action.
_cMichael Armstrong.
250 _a4th.
260 _aNew Delhi.
_bKogan page.
_c2009.
300 _a248p.
500 _aPaper Cover.
942 _aNBS
_cBK
_k658.3 ARM
999 _c348689
_d348689